|
|
|
|
| LEADER |
01110nam a2200301 a 4500 |
| 001 |
598 |
| 008 |
130604s1973 dcu b 001 0 eng d |
| 010 |
|
|
|a 73001081
|
| 020 |
|
|
|a 0815709145
|
| 040 |
|
|
|a DLC
|c DLC
|d DLC
|d BD-DhAAL
|
| 082 |
0 |
0 |
|a 338.1/9/1724
|
| 100 |
1 |
|
|a Berg, Alan,
|d 1932-
|
| 245 |
1 |
4 |
|a The nutrition factor :
|b its role in national development /
|c by Alan Berg (portions with Robert J. Muscat)
|
| 260 |
|
|
|a Washington :
|b Brookings Institution,
|c c1973.
|
| 300 |
|
|
|a xii, 290 p. :
|b front. ;
|c 24 cm.
|
| 504 |
|
|
|a Includes bibliography (p. 248-275) and index.
|
| 541 |
|
|
|e 598
|
| 650 |
|
0 |
|a Nutrition.
|
| 650 |
|
0 |
|a Nutrition
|z Developing countries.
|
| 650 |
|
0 |
|a Economic development.
|
| 650 |
|
2 |
|a Nutrition.
|
| 650 |
|
2 |
|a Nutrition surveys.
|
| 650 |
|
2 |
|a Social planning.
|
| 650 |
|
2 |
|a Socioeconomic factors.
|
| 700 |
1 |
|
|a Muscat, Robert J.,
|e joint author.
|
| 852 |
1 |
|
|a Ayesha Abed Library
|j General shelf.
|
| 999 |
|
|
|c 13541
|d 13541
|
| 952 |
|
|
|0 0
|1 0
|2 ddc
|4 0
|6 338_191724000000000_BER
|7 0
|9 22616
|a BRACUL
|b BRACUL
|c GEN
|d 2013-06-04
|g 968.00
|l 0
|o 338.191724 BER
|p 3010000598
|r 2013-06-04
|t 1
|w 2013-06-04
|y BK
|